000
00274nam a2200121Ia 4500
008
160319s9999 xx 000 0 und d
050
_b
C822n 2004
100
_a
Coronel, Myla C.
245
_a
Noli Me Tangere
260
_b
Bookmark Inc.
260
_c
1992
300
_a
318
999
_c
292297
_d
292297